| 000 | 00982cam a2200289 4500 | ||
|---|---|---|---|
| 008 | 090401t1995 xxu||||| |||| 00| 0 eng d | ||
| 020 | _a0117531634 | ||
| 035 | _a(Sirsi) u62711 | ||
| 041 | _aeng | ||
| 050 | _a711.554 | ||
| 110 |
_aUnited Kingdom _bDepartment of the Environment _9982 |
||
| 245 | _aPlanning controls over agricultural and forestry development and rural building conversions. | ||
| 260 |
_aLondon _bHMSO _c1995 |
||
| 300 | _axviii,238p. ; 30cm. | ||
| 350 | _a40 | ||
| 490 |
_aPlanning (for the Natural and Built Environment) _vResearch Programme |
||
| 520 | _aA report by Land Use Consultants and Countryside Planning and Management. | ||
| 650 | _aAGRICULTURAL HOLDINGS | ||
| 650 | _aPERMITTED DEVELOPMENT | ||
| 650 | _aPLANNING CONTROLS | ||
| 650 | _aRURAL DEVELOPMENT | ||
| 690 | _aPLANNING LAW AND PRACTICE | ||
| 710 |
_aLand Use Consultants _93228 |
||
| 710 |
_aCountryside Planning and Management _9673 |
||
| 942 | _n0 | ||
| 948 | _c04/03/1997 | ||
| 999 |
_c94471 _d94471 |
||